Statistics for Random Knowledge Quiz #41

Click here to take the quiz!

General Stats

  • This quiz has been taken 158 times
  • The average score is 10 of 16

Answer Stats

QuestionAnswer% Correct
How many countries does the USA share a land border with?2
94%
What is the main ingrediant in guacamole?Avocado
94%
Which four countries make up the United Kingdom?England
91%
And what are they?Canada and Mexico
90%
Scotland
84%
Wales
84%
Roughly what presentage of the Earth's surface is covered in water?71%
81%
Northern Ireland
77%
Who ruled Cuba as prime minster and president from 1959 to 2008?Fidel Castro
73%
Guess the city by description: A capital in Europe. Has to actively campaign to warn British bachelor parties about drugs. Many, many, MANY bikes.Amsterdam
70%
What was the name of Christopher Columbus's flag ship when he travelled to America in 1492?Santa Maria
52%
Who stopped Roger Federer from winning his 6th Wimbledon in a row by winning his first title in 2008?Rafael Nadal
50%
Which city has the most skyscrapers in the world?Hong Kong
46%
What is a tandoor?An oven
35%
Sherlock Holmes lives in 221B Baker Street but which Disney character lives under his house?Basil of Baker Street
9%
Finish these lyrics: No chance, no way / I won't say it, no, no / You swoon, you sigh / Why deny it, uh-oh / It's too cliche / I won't say...I'm in love
9%

Score Distribution

Percentile by Number Answered

Percent of People with Each Score

Your Score History

You have not taken this quiz